[Event "12. Open Internacional Málaga"]
[Site "Malaga ESP"]
[Date "2009.07.13"]
[Round "4.15"]
[White "Weber, Francois"]
[Black "Karim, Ismael"]
[Result "0-1"]
[WhiteElo "2164"]
[BlackElo "2406"]
[PlyCount "98"]
[EventDate "2009.07.11"]
[EventType "swiss"]
[EventRounds "9"]
[EventCountry "ESP"]
[Source "lmi"]
[SourceDate "2009.07.11"]

1. e4 e5 2. Nf3 Nc6 3. Bc4 Nf6 4. d4 exd4 5. O-O Nxe4 6. Re1 d5 7. Bxd5 Qxd5 8.
Nc3 Qh5 9. Nxe4 Be6 10. Bg5 Bb4 11. c3 dxc3 12. bxc3 Be7 13. Bxe7 Nxe7 14. Qa4+
Nc6 15. Rab1 Qa5 16. Qxa5 Nxa5 17. Nc5 O-O-O 18. Nxe6 fxe6 19. Nd4 b6 20. Rxe6
Rhe8 21. Rxe8 Rxe8 22. f4 Nc4 23. h3 c5 24. Nf3 a5 25. Kf2 Kc7 26. g4 Kc6 27.
a4 Re4 28. f5 h6 29. Rd1 Nd6 30. Ra1 Kc7 31. Ra2 Rc4 32. Re2 Ne4+ 33. Kg2 Rxa4
34. h4 b5 35. g5 hxg5 36. Nxg5 Nxg5 37. hxg5 Rg4+ 38. Kf3 Rxg5 39. Kf4 Rg1 40.
Ke5 Kc6 41. Ke6 a4 42. Rd2 b4 43. c4 b3 44. Rd6+ Kc7 45. Rd7+ Kc8 46. Rd5 b2
47. Rxc5+ Kd8 48. Rd5+ Ke8 49. Ra5 Re1+ 0-1

[Event "12. Open Internacional Málaga"]
[Site "Malaga ESP"]
[Date "2009.07.13"]
[Round "4.16"]
[White "Quillan, Gary"]
[Black "Yeo, Michael J"]
[Result "0-1"]
[WhiteElo "2405"]
[BlackElo "2136"]
[PlyCount "92"]
[EventDate "2009.07.11"]
[EventType "swiss"]
[EventRounds "9"]
[EventCountry "ESP"]
[Source "lmi"]
[SourceDate "2009.07.11"]

1. e4 e5 2. Nf3 Nc6 3. Bb5 a6 4. Ba4 d6 5. c3 f5 6. exf5 Bxf5 7. O-O Bd3 8. Re1
Be7 9. Bc2 Bxc2 10. Qxc2 Qd7 11. d4 Nf6 12. Nbd2 O-O 13. dxe5 dxe5 14. Ne4 Nxe4
15. Qxe4 Rf5 16. Be3 Raf8 17. Qc4+ Kh8 18. Rad1 Qe8 19. Nd2 Qg6 20. Ne4 b5 21.
Qe2 Na5 22. Rd7 R5f7 23. Bc5 Bxc5 24. Nxc5 Nc4 25. Rxf7 Qxf7 26. Nxa6 e4 27.
Nc5 Nd6 28. b3 Qf5 29. Qe3 h6 30. h3 Re8 31. Qd4 Qg6 32. Qd5 Kh7 33. a4 bxa4
34. bxa4 Re7 35. Re3 Qe8 36. a5 Re5 37. Qd4 Nf5 38. Qd2 Rxc5 39. Re1 Rxa5 40.
Qf4 Qe5 41. Qg4 Nd6 42. h4 Qxc3 43. Re3 Ra1+ 44. Kh2 Qe5+ 45. g3 Ra2 46. Kg1
Qb2 0-1

[Event "12. Open Internacional Málaga"]
[Site "Malaga ESP"]
[Date "2009.07.13"]
[Round "4.17"]
[White "Gutierrez Castillo, Paloma"]
[Black "Fierro Baquero, Martha L"]
[Result "1/2-1/2"]
[WhiteElo "2132"]
[BlackElo "2394"]
[PlyCount "67"]
[EventDate "2009.07.11"]
[EventType "swiss"]
[EventRounds "9"]
[EventCountry "ESP"]
[Source "lmi"]
[SourceDate "2009.07.11"]

1. e4 c5 2. Nf3 Nc6 3. Bb5 g6 4. Bxc6 dxc6 5. d3 Bg7 6. Nc3 e5 7. O-O Qe7 8. h3
Nf6 9. Nh2 O-O 10. f4 exf4 11. Bxf4 Nh5 12. Be3 f5 13. Qd2 f4 14. Bxf4 Nxf4 15.
Rxf4 Be6 16. Raf1 Rxf4 17. Qxf4 c4 18. Nf3 cxd3 19. cxd3 Rd8 20. d4 Qb4 21. e5
Rf8 22. Qh4 Bf5 23. Ne4 Bxe4 24. Qxe4 Qxb2 25. Rb1 Qxa2 26. Rxb7 Bh6 27. Qb1
Be3+ 28. Kh1 Qxb1+ 29. Rxb1 Rd8 30. e6 Re8 31. Rb7 Rxe6 32. Rxa7 Rd6 33. Rc7 h6
34. Kh2 1/2-1/2

[Event "12. Open Internacional Málaga"]
[Site "Malaga ESP"]
[Date "2009.07.13"]
[Round "4.18"]
[White "Valmana Canto, Jaime"]
[Black "Pascual Palomo, Lucia"]
[Result "0-1"]
[WhiteElo "2348"]
[BlackElo "2116"]
[PlyCount "124"]
[EventDate "2009.07.11"]
[EventType "swiss"]
[EventRounds "9"]
[EventCountry "ESP"]
[Source "lmi"]
[SourceDate "2009.07.11"]

1. e4 e6 2. d4 d5 3. e5 c5 4. c3 Nc6 5. Nf3 Bd7 6. a3 Nh6 7. Bxh6 gxh6 8. b4
cxd4 9. cxd4 Bg7 10. Nbd2 O-O 11. Bd3 f6 12. b5 Nxd4 13. Nxd4 fxe5 14. N4b3 e4
15. Be2 e3 16. Nf3 exf2+ 17. Kf1 Rc8 18. h4 Rc3 19. Rc1 Rxc1 20. Nxc1 Qa5 21.
Rh3 Bxb5 22. Rg3 Kh8 23. Rxg7 Kxg7 24. Qd4+ Rf6 25. Qg4+ Kf8 26. Kxf2 Bxe2 27.
Nxe2 Qxa3 28. Ned4 Qd6 29. Kg1 Rg6 30. Qh3 Qg3 31. Nxe6+ Ke7 32. Qxg3 Rxg3 33.
Ned4 Rg4 34. Nf5+ Kf6 35. Ne3 Ra4 36. Nxd5+ Kf5 37. Kf2 a5 38. Ke3 b5 39. Nc3
Ra3 40. Nd4+ Kg4 41. Ndxb5 Rb3 42. Kd3 Kxh4 43. Nd4 Rb2 44. Nf5+ Kg5 45. Ne3 h5
46. Ne4+ Kg6 47. Kc3 Rb4 48. Nc5 h4 49. Nd3 Rb6 50. Ne5+ Kg5 51. Nf3+ Kh5 52.
Nd5 Rb8 53. Nf6+ Kg6 54. Nd7 Rb4 55. Nde5+ Kf5 56. Nc6 Rf4 57. Ncd4+ Kf6 58.
Kd3 a4 59. Nc2 Rxf3+ 60. gxf3 h3 61. Ne3 h5 62. Nf1 Kf5 0-1

[Event "12. Open Internacional Málaga"]
[Site "Malaga ESP"]
[Date "2009.07.13"]
[Round "4.20"]
[White "Gutierrez Jimenez, Juan Manuel"]
[Black "Corrales Ibanez, Pedro Luis"]
[Result "1-0"]
[WhiteElo "2287"]
[BlackElo "2010"]
[PlyCount "72"]
[EventDate "2009.07.11"]
[EventType "swiss"]
[EventRounds "9"]
[EventCountry "ESP"]
[Source "lmi"]
[SourceDate "2009.07.11"]

1. e4 e5 2. Nf3 Nc6 3. Bb5 f5 4. Nc3 fxe4 5. Nxe4 Nf6 6. d3 d6 7. h3 a6 8.
Nxf6+ Qxf6 9. Ba4 Qg6 10. Nh4 Qf6 11. Qh5+ g6 12. Bg5 Qf7 13. Qf3 Qxf3 14. Nxf3
Bg7 15. O-O-O h6 16. Bd2 Be6 17. Rhe1 b5 18. Bb3 Bxb3 19. axb3 O-O 20. Be3 Rae8
21. c3 e4 22. dxe4 Rxe4 23. Kc2 a5 24. Rd5 b4 25. Nd2 Re5 26. Rxe5 Nxe5 27. Ra1
Nc6 28. Nc4 d5 29. Nxa5 d4 30. Nxc6 dxe3 31. f3 bxc3 32. bxc3 Rf6 33. Ne7+ Kf7
34. Nd5 Rc6 35. Re1 Rc5 36. c4 Ra5 1-0

[Event "12. Open Internacional Málaga"]
[Site "Malaga ESP"]
[Date "2009.07.13"]
[Round "4.21"]
[White "Terron Elena, Francisco M"]
[Black "Fernandez Garcia, Francisco Jos"]
[Result "1-0"]
[WhiteElo "2282"]
[BlackElo "1913"]
[PlyCount "71"]
[EventDate "2009.07.11"]
[EventType "swiss"]
[EventRounds "9"]
[EventCountry "ESP"]
[Source "lmi"]
[SourceDate "2009.07.11"]

1. d4 e6 2. c4 b6 3. Nc3 Bb7 4. a3 f5 5. f3 Bd6 6. Nh3 Nc6 7. d5 Ne5 8. Bg5 Nf6
9. Qd4 O-O 10. Nb5 Ng6 11. Nxd6 cxd6 12. Rd1 e5 13. Qd3 e4 14. Qd4 h6 15. Bd2
Qe7 16. f4 Rae8 17. e3 Ng4 18. g3 Nh4 19. gxh4 Qxh4+ 20. Ke2 Qh5 21. Bg2 Nxh2+
22. Kf2 Qh4+ 23. Kg1 Nf3+ 24. Bxf3 exf3 25. Kh2 Re4 26. Qc3 g5 27. Rdg1 g4 28.
Rg3 Kh7 29. Be1 Qh5 30. Kg1 Qe8 31. Ng5+ Kg6 32. Nxe4 Qxe4 33. Kf2 Rc8 34. Rgg1
Rxc4 35. Rxh6+ Kxh6 36. Qf6+ 1-0

[Event "12. Open Internacional Málaga"]
[Site "Malaga ESP"]
[Date "2009.07.13"]
[Round "4.23"]
[White "Garcia Albarracin, Jose Antonio"]
[Black "Cruz Ravina, Francisco Javier"]
[Result "0-1"]
[WhiteElo "2024"]
[BlackElo "2345"]
[PlyCount "42"]
[EventDate "2009.07.11"]
[EventType "swiss"]
[EventRounds "9"]
[EventCountry "ESP"]
[Source "lmi"]
[SourceDate "2009.07.11"]

1. e4 c6 2. d4 d5 3. exd5 cxd5 4. Nf3 Nf6 5. Ne5 g6 6. h4 h5 7. Bb5+ Nbd7 8.
Qd3 Bg7 9. Nc3 O-O 10. Bg5 Nxe5 11. dxe5 Bf5 12. Qd2 d4 13. exf6 exf6 14. Bf4
dxc3 15. bxc3 Qa5 16. Bd3 Rfe8+ 17. Kd1 Bxd3 18. cxd3 Qa4+ 19. Kc1 Bf8 20. c4
Ba3+ 21. Kb1 Re2 0-1

[Event "12. Open Internacional Málaga"]
[Site "Malaga ESP"]
[Date "2009.07.13"]
[Round "4.27"]
[White "Sanchez Quiroga, Miguel Angel"]
[Black "Jimenez Capilla, Martin R"]
[Result "1-0"]
[WhiteElo "2191"]
[BlackElo "1984"]
[PlyCount "71"]
[EventDate "2009.07.11"]
[EventType "swiss"]
[EventRounds "9"]
[EventCountry "ESP"]
[Source "lmi"]
[SourceDate "2009.07.11"]

1. e4 c5 2. Nf3 d6 3. d4 cxd4 4. Nxd4 Nf6 5. Nc3 g6 6. Bc4 Bg7 7. h3 O-O 8. Bb3
Nc6 9. Be3 Bd7 10. O-O Rc8 11. Re1 a6 12. f4 b5 13. a4 b4 14. Nd5 Nxd5 15. exd5
Nxd4 16. Bxd4 a5 17. Bxg7 Kxg7 18. Qd4+ Kg8 19. Re2 Rc5 20. Rae1 Re8 21. Kh2
Bc8 22. Bc4 Bb7 23. b3 Qc7 24. f5 f6 25. Bb5 e5 26. fxe6 Rxd5 27. Qxf6 Re7 28.
Rf2 Rf5 29. Rxf5 gxf5 30. Qxf5 Rg7 31. Re2 Qe7 32. Bc4 d5 33. Bd3 Rg5 34. Qf4
d4 35. Rf2 Rg7 36. Qb8+ 1-0

[Event "12. Open Internacional Málaga"]
[Site "Malaga ESP"]
[Date "2009.07.13"]
[Round "4.30"]
[White "Morales De La Rosa, Enrique"]
[Black "Eyo Castro Rial, Alberto"]
[Result "0-1"]
[WhiteElo "1993"]
[BlackElo "2196"]
[PlyCount "86"]
[EventDate "2009.07.11"]
[EventType "swiss"]
[EventRounds "9"]
[EventCountry "ESP"]
[Source "lmi"]
[SourceDate "2009.07.11"]

1. d4 Nf6 2. Nf3 g6 3. c4 c5 4. g3 Bg7 5. Bg2 O-O 6. O-O d6 7. Nc3 Nc6 8. dxc5
dxc5 9. Qxd8 Rxd8 10. Be3 Nd4 11. Bxd4 cxd4 12. Rad1 Be6 13. Rxd4 Rxd4 14. Nxd4
Bxc4 15. Rd1 h5 16. h3 Rb8 17. b3 Ba6 18. e3 Ne8 19. Bf1 Bxf1 20. Kxf1 Rc8 21.
Nce2 Nd6 22. Rc1 Rxc1+ 23. Nxc1 Bxd4 24. exd4 Nf5 25. Ne2 Kf8 26. Ke1 Ke8 27.
Kd2 Kd7 28. Kd3 Kc6 29. Nc3 b5 30. Ne4 Nd6 31. Nxd6 Kxd6 32. Ke4 e6 33. h4 f6
34. f3 Kc6 35. Ke3 Kd5 36. Kd3 g5 37. Ke3 e5 38. dxe5 Kxe5 39. f4+ gxf4+ 40.
gxf4+ Kf5 41. Kf3 b4 42. Ke3 Kg4 43. Ke4 Kxh4 0-1

[Event "12. Open Internacional Málaga"]
[Site "Malaga ESP"]
[Date "2009.07.13"]
[Round "4.32"]
[White "Garzon Rodriguez, Jose Manuel"]
[Black "Flores Chico, Jorge"]
[Result "1-0"]
[WhiteElo "1905"]
[BlackElo "2108"]
[PlyCount "59"]
[EventDate "2009.07.11"]
[EventType "swiss"]
[EventRounds "9"]
[EventCountry "ESP"]
[Source "lmi"]
[SourceDate "2009.07.11"]

1. d4 Nf6 2. Nf3 d5 3. g3 e6 4. Bg2 Be7 5. O-O O-O 6. b3 c5 7. e3 Nc6 8. Bb2 b5
9. Nbd2 c4 10. bxc4 bxc4 11. Bc3 Rb8 12. Ne5 Qc7 13. f4 Ba3 14. g4 Nxe5 15.
fxe5 Nd7 16. g5 Nb6 17. Ba5 Ba6 18. Rf4 g6 19. Qe1 Qe7 20. Bxb6 Rxb6 21. Qh4
Bb2 22. Rb1 Qa3 23. Rf3 Qe7 24. Qh6 Rfb8 25. Rh3 f5 26. gxf6 Qf7 27. Nf3 Bxd4
28. Rxb6 Bxb6 29. Ng5 Bxe3+ 30. Rxe3 1-0

[Event "12. Open Internacional Málaga"]
[Site "Malaga ESP"]
[Date "2009.07.13"]
[Round "4.33"]
[White "Guerreiro, Nuno"]
[Black "Ortega Gonzalez, Jose Luis"]
[Result "1-0"]
[WhiteElo "2095"]
[BlackElo "1867"]
[PlyCount "72"]
[EventDate "2009.07.11"]
[EventType "swiss"]
[EventRounds "9"]
[EventCountry "ESP"]
[Source "lmi"]
[SourceDate "2009.07.11"]

1. a3 d5 2. d4 c6 3. Nc3 Nf6 4. Bg5 e6 5. e3 Be7 6. Bd3 Nfd7 7. f4 c5 8. Nf3 a6
9. O-O c4 10. Be2 b5 11. Ne5 Bb7 12. f5 Nxe5 13. dxe5 Nd7 14. Bxe7 Qxe7 15. Qd4
Qc5 16. Bg4 Qxd4 17. exd4 Ke7 18. Rf2 Rhf8 19. Raf1 g6 20. fxe6 fxe6 21. Ne2 h5
22. Nf4 Rxf4 23. Rxf4 hxg4 24. Rf7+ Kd8 25. Rg7 Kc7 26. Rff7 Bc6 27. Re7 Rf8
28. Rxe6 Rf4 29. c3 Re4 30. Rexg6 Re2 31. e6 Rxb2 32. exd7 Bxd7 33. Rxa6 Kc8
34. Ra8+ Kc7 35. Ra7+ Kb6 36. Raxd7 Rb3 1-0

[Event "12. Open Internacional Málaga"]
[Site "Malaga ESP"]
[Date "2009.07.13"]
[Round "4.35"]
[White "Bellon Fernandez, Javier"]
[Black "Fomani, Medhi"]
[Result "0-1"]
[WhiteElo "1863"]
[BlackElo "2036"]
[PlyCount "72"]
[EventDate "2009.07.11"]
[EventType "swiss"]
[EventRounds "9"]
[EventCountry "ESP"]
[Source "lmi"]
[SourceDate "2009.07.11"]

1. e4 c6 2. d4 d5 3. Nc3 dxe4 4. Nxe4 h6 5. Ng3 Nf6 6. Nf3 Bg4 7. Be2 e6 8. h3
Bxf3 9. Bxf3 Bd6 10. Ne4 Nxe4 11. Bxe4 Nd7 12. c4 Nf6 13. Bd3 Bb4+ 14. Bd2
Bxd2+ 15. Qxd2 Qxd4 16. O-O-O O-O-O 17. Qa5 Qb6 18. Qc3 c5 19. Rhe1 a6 20. Re5
Nd7 21. Re3 Qb4 22. Qxb4 cxb4 23. Be2 Nc5 24. Re5 Rxd1+ 25. Kxd1 Rd8+ 26. Kc2
b6 27. f4 Rd4 28. g3 Kc7 29. Re3 Re4 30. Rxe4 Nxe4 31. g4 Kd6 32. Bf3 Nc5 33.
b3 e5 34. Bd5 exf4 35. Bxf7 Ke5 36. Bg6 Kd4 0-1

[Event "12. Open Internacional Málaga"]
[Site "Malaga ESP"]
[Date "2009.07.13"]
[Round "4.36"]
[White "Antunez Munoz, Juan Jesus"]
[Black "Jimenez Capilla, Jose Alfonso"]
[Result "1/2-1/2"]
[WhiteElo "1699"]
[BlackElo "2023"]
[PlyCount "139"]
[EventDate "2009.07.11"]
[EventType "swiss"]
[EventRounds "9"]
[EventCountry "ESP"]
[Source "lmi"]
[SourceDate "2009.07.11"]

1. e4 e5 2. Nf3 Nf6 3. Nc3 Bb4 4. Bc4 d6 5. d3 O-O 6. O-O c6 7. Bg5 Nbd7 8. a3
Ba5 9. b4 Bc7 10. d4 h6 11. Bh4 Re8 12. Re1 Nf8 13. dxe5 dxe5 14. Qxd8 Bxd8 15.
Rad1 Bg4 16. h3 Bxf3 17. gxf3 g5 18. Bg3 Ng6 19. b5 Be7 20. a4 Bc5 21. Rb1 Re7
22. bxc6 bxc6 23. Nd1 Nf4 24. Kh2 Rd8 25. Ne3 Bxe3 26. Rxe3 Rd2 27. Bd3 Kg7 28.
Bxf4 exf4 29. Re2 Rxe2 30. Bxe2 Rc7 31. Rb8 c5 32. Bc4 Nd7 33. Re8 Nb6 34. Bb5
a6 35. a5 axb5 36. axb6 Rb7 37. Rc8 Rxb6 38. Rxc5 Kf6 39. h4 Kg6 40. hxg5 hxg5
41. Kh3 f6 42. Kg4 Rb8 43. Kh3 b4 44. Rc6 Rb5 45. Kg2 Kf7 46. Kf1 b3 47. cxb3
Rxb3 48. Kg2 Rd3 49. Rb6 Rd7 50. Ra6 Re7 51. Rb6 Re5 52. Rb7+ Kg6 53. Rb6 Ra5
54. Kf1 Ra2 55. Kg2 Ra7 56. e5 Rf7 57. Rxf6+ Rxf6 58. exf6 Kxf6 59. Kh3 Kf5 60.
Kg2 Ke5 61. Kh3 Kf6 62. Kg2 Kg6 63. Kh2 Kf6 64. Kh3 Kf5 65. Kg2 Kg6 66. Kh2 Kh6
67. Kg2 Kh5 68. Kh3 Kg6 69. Kg2 Kf6 70. Kh3 1/2-1/2

[Event "12. Open Internacional Málaga"]
[Site "Malaga ESP"]
[Date "2009.07.13"]
[Round "4.37"]
[White "Delgado Lozano, Jose Manuel"]
[Black "Hulligan, Steve"]
[Result "1-0"]
[WhiteElo "2010"]
[BlackElo "1860"]
[PlyCount "71"]
[EventDate "2009.07.11"]
[EventType "swiss"]
[EventRounds "9"]
[EventCountry "ESP"]
[Source "lmi"]
[SourceDate "2009.07.11"]

1. d4 Nf6 2. Nf3 e6 3. c3 c5 4. Bg5 Be7 5. Nbd2 d5 6. e3 Nbd7 7. Rc1 b6 8. Bd3
O-O 9. O-O Bb7 10. Bb1 Qc7 11. Qc2 h6 12. Bh4 Bd6 13. Kh1 e5 14. dxe5 Bxe5 15.
Nxe5 Qxe5 16. Qf5 Qxf5 17. Bxf5 g5 18. Bg3 Rfe8 19. Rfe1 Ne5 20. Nf3 Nxf3 21.
gxf3 d4 22. Kg2 g4 23. e4 gxf3+ 24. Kxf3 d3 25. Rcd1 c4 26. Bf4 h5 27. Rg1+ Kh8
28. Rg5 Bxe4+ 29. Bxe4 Rxe4 30. Be5 Rxe5 31. Rxe5 Re8 32. Rxe8+ Nxe8 33. Re1
Nd6 34. Re5 f5 35. Rd5 Ne4 36. Rxf5 1-0

[Event "12. Open Internacional Málaga"]
[Site "Malaga ESP"]
[Date "2009.07.13"]
[Round "4.44"]
[White "Nava Baro, Enrique"]
[Black "Acriz Ibanez, Salvador"]
[Result "1-0"]
[WhiteElo "2201"]
[BlackElo "1583"]
[PlyCount "45"]
[EventDate "2009.07.11"]
[EventType "swiss"]
[EventRounds "9"]
[EventCountry "ESP"]
[Source "lmi"]
[SourceDate "2009.07.11"]

1. d4 Nf6 2. c4 e6 3. Nc3 d5 4. cxd5 exd5 5. Bg5 Be7 6. Qc2 c6 7. e3 O-O 8. Bd3
Nbd7 9. Nge2 c5 10. O-O c4 11. Bf5 Nb6 12. a4 Bxf5 13. Qxf5 g6 14. Qf3 a6 15.
a5 Nc8 16. Nf4 Ne4 17. Bxe7 Nxe7 18. Nxe4 dxe4 19. Qxe4 Qc7 20. d5 Rad8 21.
Rfc1 b5 22. axb6 Qxb6 23. Qxe7 1-0

[Event "12. Open Internacional Málaga"]
[Site "Malaga ESP"]
[Date "2009.07.14"]
[Round "5.1"]
[White "Paunovic, Dragan"]
[Black "Suba, Mihai"]
[Result "1/2-1/2"]
[WhiteElo "2533"]
[BlackElo "2540"]
[PlyCount "26"]
[EventDate "2009.07.11"]
[EventType "swiss"]
[EventRounds "9"]
[EventCountry "ESP"]
[Source "lmi"]
[SourceDate "2009.07.11"]

1. Nf3 Nf6 2. g3 b6 3. Bg2 Bb7 4. O-O e6 5. c4 c5 6. Nc3 d6 7. d4 cxd4 8. Qxd4
a6 9. Rd1 Nbd7 10. Bg5 Be7 11. Qd2 Qc8 12. Bf4 Nc5 13. Rac1 O-O 1/2-1/2

[Event "12. Open Internacional Málaga"]
[Site "Malaga ESP"]
[Date "2009.07.14"]
[Round "5.4"]
[White "Guerra Bastida, Diego"]
[Black "Stefansson, Hannes"]
[Result "1-0"]
[WhiteElo "2419"]
[BlackElo "2580"]
[PlyCount "51"]
[EventDate "2009.07.11"]
[EventType "swiss"]
[EventRounds "9"]
[EventCountry "ESP"]
[Source "lmi"]
[SourceDate "2009.07.11"]

1. e4 c5 2. Nf3 e6 3. d4 cxd4 4. Nxd4 a6 5. Bd3 Bc5 6. Nb3 Be7 7. Qg4 g6 8. Qe2
d6 9. O-O Nd7 10. a4 b6 11. Na3 Bb7 12. Rd1 Ngf6 13. Bh6 Qc7 14. h3 d5 15. exd5
Nxd5 16. a5 b5 17. Bxb5 axb5 18. Nxb5 Qb8 19. N3d4 N7f6 20. Bg7 Rg8 21. Bxf6
Nxf6 22. Qc4 Nd5 23. a6 Nb6 24. Nc7+ Kf8 25. Ndxe6+ fxe6 26. Qf4+ 1-0

[Event "12. Open Internacional Málaga"]
[Site "Malaga ESP"]
[Date "2009.07.14"]
[Round "5.5"]
[White "Khamrakulov, Ibragim S"]
[Black "Mogranzini, Roberto"]
[Result "1-0"]
[WhiteElo "2553"]
[BlackElo "2415"]
[PlyCount "107"]
[EventDate "2009.07.11"]
[EventType "swiss"]
[EventRounds "9"]
[EventCountry "ESP"]
[Source "lmi"]
[SourceDate "2009.07.11"]

1. e4 c5 2. c3 d5 3. exd5 Qxd5 4. d4 Nc6 5. Nf3 Bg4 6. Be2 cxd4 7. cxd4 e6 8.
h3 Bb4+ 9. Nc3 Bxf3 10. Bxf3 Qc4 11. Bd2 Nge7 12. a3 Ba5 13. Ne2 Bxd2+ 14. Qxd2
Rd8 15. Rc1 Qa4 16. O-O O-O 17. Qc2 Qxc2 18. Rxc2 Rd7 19. b4 a6 20. Rb1 g6 21.
a4 Rb8 22. b5 axb5 23. Rxb5 Nxd4 24. Nxd4 Rxd4 25. a5 Ra4 26. Bxb7 Ra1+ 27. Kh2
Rxa5 28. Rxa5 Rxb7 29. Rca2 Nd5 30. Ra7 Rb4 31. g3 h5 32. R2a3 Kg7 33. Rf3 Nf6
34. Re3 Rb6 35. Kg2 Nd5 36. Rf3 Nf6 37. Rf4 Rb5 38. Rc4 Nd5 39. Rc6 Kg8 40. Rd6
Nf6 41. Raa6 Kg7 42. Rdb6 Rf5 43. Ra7 Kg8 44. Rb4 Kg7 45. g4 hxg4 46. hxg4 Rd5
47. Rbb7 Nxg4 48. Rxf7+ Kh6 49. Kg3 Kh5 50. Ra4 Rg5 51. Rh7+ Nh6+ 52. Kh3 Rg1
53. Rh4+ Kg5 54. R7xh6 1-0

[Event "12. Open Internacional Málaga"]
[Site "Malaga ESP"]
[Date "2009.07.14"]
[Round "5.7"]
[White "Charleshouse, Glenn L"]
[Black "Kurajica, Bojan"]
[Result "0-1"]
[WhiteElo "2175"]
[BlackElo "2524"]
[PlyCount "74"]
[EventDate "2009.07.11"]
[EventType "swiss"]
[EventRounds "9"]
[EventCountry "ESP"]
[Source "lmi"]
[SourceDate "2009.07.11"]

1. e4 c5 2. Nf3 Nc6 3. d3 d5 4. Nbd2 g6 5. g3 Bg7 6. Bg2 e6 7. O-O Nge7 8. Re1
h6 9. h4 b6 10. c3 Qc7 11. Nf1 d4 12. c4 e5 13. N3h2 Be6 14. a3 Qd7 15. Bd2 a5
16. h5 O-O 17. f4 a4 18. Qf3 Rab8 19. f5 gxf5 20. exf5 Bxf5 21. g4 e4 22. Rxe4
Bxe4 23. Qxe4 f5 24. gxf5 Qxf5 25. Qxf5 Rxf5 26. Ng3 Rf7 27. Ng4 Ne5 28. Nxh6+
Bxh6 29. Bxh6 Kh7 30. Bg5 Rg8 31. Ne4 Nxd3 32. Rf1 Nf5 33. Kh2 Rgf8 34. Nf6+
Rxf6 35. Be4 R6f7 36. Bxd3 Kh8 37. Bf4 Ng7 0-1

[Event "12. Open Internacional Málaga"]
[Site "Malaga ESP"]
[Date "2009.07.14"]
[Round "5.8"]
[White "Carlsson, Pontus"]
[Black "Gutierrez Jimenez, Juan Manuel"]
[Result "1-0"]
[WhiteElo "2494"]
[BlackElo "2287"]
[PlyCount "81"]
[EventDate "2009.07.11"]
[EventType "swiss"]
[EventRounds "9"]
[EventCountry "ESP"]
[Source "lmi"]
[SourceDate "2009.07.11"]

1. e4 e5 2. Nf3 Nc6 3. Bc4 Nf6 4. d3 Be7 5. O-O O-O 6. Bb3 d6 7. c3 d5 8. Nbd2
a6 9. exd5 Nxd5 10. Bc2 f5 11. Re1 Bf6 12. Nc4 Re8 13. a4 b6 14. Bb3 Kh8 15. d4
exd4 16. Ng5 Rxe1+ 17. Qxe1 Qe7 18. Qxe7 Ncxe7 19. cxd4 Bxd4 20. Bd2 h6 21. Nf3
Bf6 22. Re1 Kh7 23. Nce5 c5 24. h4 Bb7 25. h5 Rd8 26. Nf7 Rf8 27. Nd6 Bc6 28.
Ne5 Ba8 29. Bc2 Bg5 30. Bxg5 hxg5 31. Nef7 g6 32. Nxg5+ Kh6 33. Ndf7+ Kg7 34.
h6+ Kg8 35. h7+ Kg7 36. Ne6+ Kxh7 37. Nxf8+ Kg7 38. Nxg6 Kxf7 39. Nxe7 Nxe7 40.
Bb3+ Nd5 41. Re5 1-0

[Event "12. Open Internacional Málaga"]
[Site "Malaga ESP"]
[Date "2009.07.14"]
[Round "5.9"]
[White "Yeo, Michael J"]
[Black "Tratar, Marko"]
[Result "0-1"]
[WhiteElo "2136"]
[BlackElo "2494"]
[PlyCount "86"]
[EventDate "2009.07.11"]
[EventType "swiss"]
[EventRounds "9"]
[EventCountry "ESP"]
[Source "lmi"]
[SourceDate "2009.07.11"]

1. e4 e6 2. d4 d5 3. Nc3 Nf6 4. Bg5 Be7 5. e5 Nfd7 6. h4 Nc6 7. Nf3 Nb6 8. a3
Bd7 9. Qd2 a6 10. O-O-O h6 11. Be3 Na5 12. Rh3 Nac4 13. Bxc4 Nxc4 14. Qe1 b5
15. Nb1 a5 16. Nfd2 Bxh4 17. b3 Nxe3 18. Qxe3 b4 19. a4 Rc8 20. f4 c5 21. dxc5
Be7 22. g4 Bxc5 23. Qd3 Rf8 24. Nf3 Qc7 25. Rh2 Qb6 26. Kb2 Be3 27. f5 Rc7 28.
Re2 Bc5 29. f6 g6 30. Qd2 Rh8 31. Rh1 Bf8 32. Nd4 Rc5 33. Reh2 Bc8 34. Nb5 Ba6
35. Rxh6 Rxh6 36. Rxh6 Bxh6 37. Qxh6 Bxb5 38. Qh8+ Kd7 39. Qf8 Rc7 40. axb5
Qd4+ 41. Kc1 Qe3+ 42. Kd1 Qg1+ 43. Kd2 Qf2+ 0-1

[Event "12. Open Internacional Málaga"]
[Site "Malaga ESP"]
[Date "2009.07.14"]
[Round "5.10"]
[White "Levin, Felix"]
[Black "Terron Elena, Francisco M"]
[Result "1-0"]
[WhiteElo "2491"]
[BlackElo "2282"]
[PlyCount "73"]
[EventDate "2009.07.11"]
[EventType "swiss"]
[EventRounds "9"]
[EventCountry "ESP"]
[Source "lmi"]
[SourceDate "2009.07.11"]

1. d4 Nf6 2. Nf3 g6 3. c4 Bg7 4. g3 O-O 5. Bg2 d6 6. O-O Nbd7 7. Nc3 e5 8. e4
a6 9. h3 b5 10. Qc2 c6 11. c5 dxc5 12. dxe5 Ne8 13. Bg5 Qc7 14. Be7 Nxe5 15.
Bxf8 Nxf3+ 16. Bxf3 Bxf8 17. Bg2 Ng7 18. f4 Ne6 19. e5 Nd4 20. Qf2 Be6 21. Ne4
Rd8 22. g4 Be7 23. Rfd1 a5 24. b3 Bd5 25. Rac1 Bxe4 26. Bxe4 g5 27. Re1 c4 28.
fxg5 Bxg5 29. Rcd1 c5 30. b4 Qe7 31. Rxd4 Rxd4 32. Qf5 Qd8 33. Qxh7+ Kf8 34. e6
Qf6 35. exf7 Rd8 36. Qg8+ Ke7 37. Bf5+ 1-0

[Event "12. Open Internacional Málaga"]
[Site "Malaga ESP"]
[Date "2009.07.14"]
[Round "5.11"]
[White "Pascual Palomo, Lucia"]
[Black "Fernandez Romero, Ernesto"]
[Result "0-1"]
[WhiteElo "2116"]
[BlackElo "2461"]
[PlyCount "88"]
[EventDate "2009.07.11"]
[EventType "swiss"]
[EventRounds "9"]
[EventCountry "ESP"]
[Source "lmi"]
[SourceDate "2009.07.11"]

1. e4 c6 2. d4 d5 3. exd5 cxd5 4. Nf3 Nf6 5. h3 Nc6 6. c3 Qc7 7. Bd3 g6 8. O-O
Bf5 9. Bg5 Bg7 10. Re1 O-O 11. Bxf5 gxf5 12. Nbd2 e6 13. Qe2 Ne4 14. Bh4 b5 15.
Ng5 b4 16. Qh5 Nf6 17. Qe2 h6 18. Ngf3 Ne4 19. Nxe4 fxe4 20. Nd2 f5 21. Nb3 Qf7
22. Nc5 Rfc8 23. a3 bxc3 24. bxc3 e5 25. Nb3 exd4 26. cxd4 Nxd4 27. Nxd4 Bxd4
28. Rab1 Bg7 29. Qa6 Rc7 30. Rbc1 Rd7 31. Rc6 d4 32. Rd6 Rxd6 33. Qxd6 d3 34.
Qb4 Qd5 35. Rd1 f4 36. Be7 Re8 37. Qc5 Qxc5 38. Bxc5 e3 39. fxe3 fxe3 40. Rxd3
e2 41. Bb4 e1=Q+ 42. Bxe1 Rxe1+ 43. Kf2 Ra1 44. Kf3 Bf8 0-1

[Event "12. Open Internacional Málaga"]
[Site "Malaga ESP"]
[Date "2009.07.14"]
[Round "5.14"]
[White "Larino Nieto, David"]
[Black "Sanchez Quiroga, Miguel Angel"]
[Result "1-0"]
[WhiteElo "2455"]
[BlackElo "2191"]
[PlyCount "67"]
[EventDate "2009.07.11"]
[EventType "swiss"]
[EventRounds "9"]
[EventCountry "ESP"]
[Source "lmi"]
[SourceDate "2009.07.11"]

1. e4 c5 2. Nc3 Nc6 3. g3 g6 4. Bg2 Bg7 5. d3 d6 6. f4 e6 7. Nf3 Nge7 8. O-O
O-O 9. Be3 Nd4 10. Bf2 Rb8 11. Nxd4 cxd4 12. Ne2 Nc6 13. Qd2 Bd7 14. g4 f5 15.
exf5 gxf5 16. gxf5 exf5 17. Ng3 Qf6 18. Nh5 Qg6 19. Nxg7 Qxg7 20. Kh1 Kh8 21.
Rg1 Qf6 22. h3 Rg8 23. c3 Rg6 24. Kh2 dxc3 25. bxc3 Kg8 26. Bf3 Kf8 27. Bh5
Rxg1 28. Rxg1 Be6 29. Bf3 Ke7 30. d4 d5 31. c4 Kd6 32. Re1 Bf7 33. Re5 dxc4 34.
d5 1-0